000 00708nam a2200229 i 4500
001 56288
003 ES-MaACL
005 20250415213633.0
007 t|
008 031007s1985 sp ||||1| spa d
020 _a84-253-1371-6
245 0 0 _aDiccionario de filosofía /
_cDagobert D. Runes, ed. ; versión castellana dirigida por Manuel Sacristán.
250 _a3ª ed., rev. y amp.
260 _aBarcelona :
_bGrijalbo,
_c[1985]
300 _aXV, 395 p. ;
_c22 cm.
490 1 _aReferencia
700 1 _aRunes, Dagobert D.
_9100998
700 1 _aSacristán, Manuel,
_d1925-1985
_9101268
830 0 _aReferencia
_9230381
852 _aES-MaACL
_jL-10281
_bR.111511
999 _c56288
_d56288